000 00240nam a2200097Ia 4500
001 660349
005 20250826160112.0
008 250824s9999 xx 000 0 und d
245 0 _aFadiş Gökkuş Diz
_cGülten Dayıoğlu
260 _bALTIN
999 _c660349
_d660349